000 00829nam a2200277Ia 4500
003 OSt
005 20220925213400.0
006 a|||||r|||| 00| 0
007 ta
008 220923b |||||||| |||| 00| 0 eng d
020 _a0 521 34392 5
037 _cGeneral Book
040 _aRTL
_cRTL
_beng
041 _2eng
_aeng
082 _aX:77.41.N8, M8
100 _aVermeer Eduard B
_9278457
245 0 _aEconomic development in provincial China
_bThe cen
260 _aLondon
_bCambridge University Press
_c1988
300 _axv,534p.
_ccm.
490 _aContemporary China Institute Publication
500 _aBibliography P 521-29; Appendix P 452-61
650 _a Economics
650 _aAsia
_9230919
942 _hX:77.41.N8, M8
_cGB
_2CC
999 _c562727
_d562727